[Event "Kislovodsk op"]
[Site "Kislovodsk"]
[Date "2013.01.23"]
[Round "9"]
[White "Karabashev, Sagit"]
[Black "Sakhvadze, Georgy"]
[Result "0-1"]
[WhiteElo "2071"]
[BlackElo "2119"]
[PlyCount "82"]
[EventDate "2013.01.15"]
[EventType "swiss"]
[EventRounds "9"]
[EventCountry "RUS"]
[SourceTitle "CBM 152 Extra"]
[Source "ChessBase"]
[SourceDate "2013.02.25"]
[SourceVersion "1"]
[SourceVersionDate "2013.02.25"]
[SourceQuality "1"]

1. e4 d5 2. exd5 Qxd5 3. Nc3 Qd6 4. d4 Nf6 5. Nf3 Bg4 6. Be2 a6 7. 0-0 Nc6 8. Be3 Bxf3 9. Bxf3 0-0-0 10. Ne2 e5 11. Bxc6 Qxc6 12. Qc1 Ng4 13. dxe5 Nxe5 14. c3 Qg6 15. b4 Bd6 16. Nf4 Qh6 17. Nh3 Qh5 18. Nf4 Qh4 19. Qc2 g6 20. Qe2 Rhe8 21. g3 Qf6 22. Kg2 h5 23. b5 a5 24. c4 Ng4 25. Nd5 Qf5 26. h3 Qe4+ 27. Kg1 Ne5 28. Nf6 Nf3+ 29. Kh1 Qf5 30. Kg2 Ng5 31. Nxe8 Qxh3+ 32. Kg1 Rxe8 33. Rae1 h4 34. c5 hxg3 35. fxg3 Qxg3+ 36. Qg2 Nf3+ 37. Rxf3 Qxe1+ 38. Qf1 Rxe3 39. cxd6 Qxf1+ 40. Rxf1 cxd6 41. Rxf7 Re2 0-1

[Event "Kislovodsk op"]
[Site "Kislovodsk"]
[Date "2013.01.16"]
[Round "2"]
[White "Popov, Khristofor"]
[Black "Karabashev, Sagit"]
[Result "1-0"]
[WhiteElo "1909"]
[BlackElo "2071"]
[PlyCount "49"]
[EventDate "2013.01.15"]
[EventType "swiss"]
[EventRounds "9"]
[EventCountry "RUS"]
[SourceTitle "CBM 152 Extra"]
[Source "ChessBase"]
[SourceDate "2013.02.25"]
[SourceVersion "1"]
[SourceVersionDate "2013.02.25"]
[SourceQuality "1"]

1. e4 c5 2. Nf3 d6 3. d4 cxd4 4. Qxd4 Nf6 5. Nc3 e6 6. Bg5 a6 7. e5 Nc6 8. Qa4 dxe5 9. Nxe5 Qc7 10. Bf4 Bd6 11. Nxc6 Bd7 12. Nb5 Qxc6 13. Bxd6 Rc8 14. 0-0-0 axb5 15. Qb3 Ne4 16. Ba3 Nxf2 17. Rxd7 b4 18. Rd2 Qb6 19. Qxb4 Qxb4 20. Bxb4 Nxh1 21. Bb5+ Rc6 22. Bc5 f6 23. Rd1 Kf7 24. Bxc6 bxc6 25. Rxh1 1-0

[Event "Kislovodsk Elo op"]
[Site "Kislovodsk"]
[Date "2012.01.19"]
[Round "5"]
[White "Bilyk, Evgeny"]
[Black "Karabashev, Sagit"]
[Result "0-1"]
[WhiteElo "1852"]
[BlackElo "2087"]
[PlyCount "100"]
[EventDate "2012.01.15"]
[EventType "swiss"]
[EventRounds "9"]
[EventCountry "RUS"]
[SourceTitle "EXT 2014"]
[Source "ChessBase"]
[SourceDate "2013.11.20"]
[SourceVersion "1"]
[SourceVersionDate "2013.11.20"]
[SourceQuality "1"]

1. e4 g6 2. d3 Bg7 3. Nf3 d6 4. Nbd2 c5 5. g3 Nc6 6. Bg2 Nf6 7. 0-0 0-0 8. Re1 Qc7 9. c3 Rb8 10. Nf1 b5 11. h3 a5 12. Bf4 e5 13. Be3 Re8 14. Qd2 Ba6 15. N1h2 b4 16. Qc2 Rec8 17. c4 h6 18. h4 Rf8 19. Qd2 Kh7 20. Kh1 Bc8 21. Ng1 Ng4 22. Nxg4 Bxg4 23. f3 Be6 24. f4 exf4 25. Bxf4 Ne5 26. Rab1 Qd7 27. Rf1 f6 28. Nf3 Rbd8 29. Be3 Ng4 30. Bg1 Rf7 31. b3 a4 32. d4 Qe7 33. Rbd1 Rff8 34. Qc2 axb3 35. axb3 f5 36. Nh2 Nxh2 37. Kxh2 f4 38. Bf2 fxg3+ 39. Kxg3 Bc8 40. Kh2 cxd4 41. h5 Qe5+ 42. Kg1 Qxh5 43. Bxd4 Rxf1+ 44. Kxf1 Bg4 45. Rd2 Bxd4 46. Rxd4 Rf8+ 47. Kg1 Bh3 48. Rxd6 Qc5+ 49. Kh2 Qxd6+ 50. Kxh3 Qe5 0-1

[Event "Kislovodsk Plaza op"]
[Site "Kislovodsk"]
[Date "2010.12.14"]
[Round "4"]
[White "Rudakov, Aleksander"]
[Black "Karabashev, Sagit"]
[Result "1-0"]
[WhiteElo "1950"]
[BlackElo "2176"]
[PlyCount "53"]
[EventDate "2010.12.11"]
[EventType "swiss"]
[EventRounds "9"]
[EventCountry "RUS"]
[SourceTitle "EXT 2013"]
[Source "ChessBase"]
[SourceDate "2012.11.22"]
[SourceVersion "1"]
[SourceVersionDate "2012.11.22"]
[SourceQuality "1"]

1. e4 c5 2. Nf3 d6 3. Bb5+ Nd7 4. d4 cxd4 5. Bxd7+ Bxd7 6. Qxd4 Bc6 7. Nc3 e6 8. 0-0 Nf6 9. Bg5 Be7 10. Rfe1 h6 11. Bh4 0-0 12. Rad1 Qc7 13. Bg3 Rfd8 14. h3 a6 15. a4 b5 16. axb5 axb5 17. Qb4 Qb8 18. Nd4 Be8 19. e5 Nd5 20. Nxd5 exd5 21. exd6 Bf8 22. Nf5 Qb7 23. Qd4 g6 24. Ne7+ Bxe7 25. Rxe7 Rd7 26. Rde1 Rxe7 27. Rxe7 1-0

[Event "Soukhumi op"]
[Site "Soukhumi"]
[Date "2007.08.07"]
[Round "5"]
[White "Karabashev, Sagit"]
[Black "Kovalenko, Yulya"]
[Result "1-0"]
[WhiteElo "2189"]
[BlackElo "1980"]
[PlyCount "77"]
[EventDate "2007.08.03"]
[EventType "swiss"]
[EventRounds "9"]
[EventCountry "RUS"]
[SourceTitle "EXT 2009"]
[Source "ChessBase"]
[SourceDate "2008.11.26"]
[SourceVersion "1"]
[SourceVersionDate "2008.11.26"]
[SourceQuality "1"]

1. e4 c5 2. c3 e6 3. d4 d5 4. e5 Nc6 5. Nf3 Qb6 6. a3 Nge7 7. b4 cxd4 8. cxd4 Nf5 9. Bb2 Bd7 10. g4 Nfe7 11. Nc3 Na5 12. Qc2 Nc4 13. Bxc4 dxc4 14. Nd2 Qc6 15. Nce4 Nd5 16. Nxc4 f6 17. Ncd6+ Bxd6 18. Nxd6+ Ke7 19. Qxc6 Bxc6 20. b5 Bd7 21. a4 a6 22. Nxb7 axb5 23. Kd2 bxa4 24. Rhb1 Rhb8 25. Ba3+ Kf7 26. Rb2 Kg6 27. h4 h5 28. f3 Nf4 29. Bd6 Rh8 30. exf6 Nd5 31. fxg7 Rhg8 32. Be5 a3 33. Rba2 Nb6 34. Nd6 Bc6 35. Rxa3 Rxa3 36. Rxa3 Bd5 37. Ke3 Nd7 38. Ra7 Nxe5 39. dxe5 1-0